| 000 | 00595nam a2200181 4500 | ||
|---|---|---|---|
| 001 | 111894 | ||
| 003 | ES-MaACL | ||
| 005 | 20230906185400.0 | ||
| 007 | t| | ||
| 008 | 061121s1949 mx r ||||1| spa d | ||
| 100 | 1 |
_aNewbigin, Marion I. _985477 |
|
| 245 | 1 | 0 |
_aGeografía de plantas y animales / _cMarion I. Newbigin; versión española de M. Maldonado Koerdell. |
| 250 | _a1ª ed. en español. | ||
| 260 |
_aMéxico [etc.] : _bFondo de Cultura Económica, _c1949. |
||
| 300 |
_a337 p. : _bil. ; _c21 cm. |
||
| 700 | 1 |
_aMaldonado Koerdell, M. _975731 |
|
| 852 |
_aES-MaACL _jD-5360 _bR.30913 |
||
| 999 |
_c111894 _d111894 |
||